[Event "Buenos Aires Bolivar op 4th"]
[Site "Buenos Aires"]
[Date "2011.06.21"]
[Round "7"]
[White "Merlo, Carlos"]
[Black "Paz, Prudencio Mario"]
[Result "0-1"]
[WhiteElo "2022"]
[BlackElo "1787"]
[PlyCount "48"]
[EventDate "2011.06.13"]
[EventType "swiss"]
[EventRounds "9"]
[EventCountry "ARG"]
[SourceTitle "EXT 2014"]
[Source "ChessBase"]
[SourceDate "2013.11.20"]
[SourceVersion "1"]
[SourceVersionDate "2013.11.20"]
[SourceQuality "1"]

1. d4 Nf6 2. f3 d5 3. e4 dxe4 4. Nc3 exf3 5. Nxf3 e6 6. Bg5 Be7 7. Bd3 c6 8. 0-0 Nbd7 9. Kh1 b5 10. a3 a6 11. Ne5 Bb7 12. Qf3 Qc8 13. Be4 0-0 14. Nxd7 Qxd7 15. Bxf6 Bxf6 16. Qh3 h6 17. Rad1 Be7 18. g4 c5 19. d5 b4 20. dxe6 Bxe4+ 21. Nxe4 Qxe6 22. Rde1 Qc6 23. Qg2 Rac8 24. axb4 Bh4 0-1

[Event "Buenos Aires Bolivar op 4th"]
[Site "Buenos Aires"]
[Date "2011.06.17"]
[Round "5"]
[White "Otero, Carlos Alberto"]
[Black "Paz, Prudencio Mario"]
[Result "1/2-1/2"]
[WhiteElo "1664"]
[BlackElo "1787"]
[PlyCount "32"]
[EventDate "2011.06.13"]
[EventType "swiss"]
[EventRounds "9"]
[EventCountry "ARG"]
[SourceTitle "EXT 2014"]
[Source "ChessBase"]
[SourceDate "2013.11.20"]
[SourceVersion "1"]
[SourceVersionDate "2013.11.20"]
[SourceQuality "1"]

1. e4 e5 2. Nf3 Nc6 3. Bb5 a6 4. Ba4 Nf6 5. 0-0 Nxe4 6. d4 b5 7. Bb3 d5 8. dxe5 Be6 9. c3 Be7 10. Be3 0-0 11. Nbd2 Nc5 12. Bc2 Bg4 13. Qb1 g6 14. h3 Be6 15. a3 Nd7 16. Bd4 Ncb8 1/2-1/2